| 000 -LEADER |
| fixed length control field |
01536nam a2200229 a 4500 |
| 003 - CONTROL NUMBER IDENTIFIER |
| control field |
AR-BaISA |
| 005 - DATE AND TIME OF LATEST TRANSACTION |
| control field |
20200129130904.0 |
| 007 - PHYSICAL DESCRIPTION FIXED FIELD--GENERAL INFORMATION |
| fixed length control field |
ta |
| 008 - FIXED-LENGTH DATA ELEMENTS--GENERAL INFORMATION |
| fixed length control field |
010509s1997 sp ad ||| ||spa d |
| 020 ## - INTERNATIONAL STANDARD BOOK NUMBER |
| International Standard Book Number |
8480881755 |
| 040 ## - CATALOGING SOURCE |
| Transcribing agency |
AR-BaISA |
| 082 04 - DEWEY DECIMAL CLASSIFICATION NUMBER |
| Edition number |
22 |
| Classification number |
658.403 2 K141 |
| 100 10 - MAIN ENTRY--PERSONAL NAME |
| Personal name |
Kaplan, Robert S. |
| 9 (RLIN) |
1727 |
| Relator term |
aut. |
| 245 10 - TITLE STATEMENT |
| Title |
Cuadro de mando integral |
| Medium |
[Texto impreso]: The Balanced Scorecard / |
| Statement of responsibility, etc. |
Robert S. Kaplan y David P. Norton |
| 260 ## - PUBLICATION, DISTRIBUTION, ETC. |
| Place of publication, distribution, etc. |
Barcelona: |
| Name of publisher, distributor, etc. |
Gestión 2000, |
| Date of publication, distribution, etc. |
2000 |
| 300 ## - PHYSICAL DESCRIPTION |
| Extent |
321 p.: |
| Other physical details |
il., graf.; |
| Dimensions |
24 cm |
| 505 ## - FORMATTED CONTENTS NOTE |
| Title |
La medición y la gestión en la era de la información -- |
| -- |
¿Por qué necesitan las empresas un cuadro de mando integral? -- |
| -- |
PRIMERA PARTE: LA FORMA DE MEDIR LA ESTRATEGIA EMPRESARIAL: |
| -- |
La perspectiva financiera -- |
| -- |
La perspectiva del cliente -- |
| -- |
La perspectiva del proceso interno -- |
| -- |
La perspectiva de aprendizaje y crecimiento -- |
| -- |
La vinculación de los indicadores del cuadro de mando integral con su estrategia -- |
| -- |
Estructura y estrategia -- |
| -- |
SEGUNDA PARTE: LA GESTIÓN DE LA ESTRATEGIA DEL NEGOCIO: |
| -- |
Conseguir alcanzar la alineación estratégica: de arriba a abajo -- |
| -- |
Metas, asignación de recursos, iniciativas y presupuestos -- |
| -- |
El feedback y el proceso de formación estratégica -- |
| -- |
La implantación de un programa de gestión del cuadro de mando integral -- |
| -- |
La construcción de un cuadro de mando integral |
| 650 14 - SUBJECT ADDED ENTRY--TOPICAL TERM |
| Topical term or geographic name entry element |
Cuadro de mando |
| 9 (RLIN) |
1728 |
| 650 14 - SUBJECT ADDED ENTRY--TOPICAL TERM |
| Topical term or geographic name entry element |
Planificación estratégica |
| 9 (RLIN) |
581 |
| 700 1# - ADDED ENTRY--PERSONAL NAME |
| Personal name |
Norton, David P. |
| Dates associated with a name |
1941- |
| 9 (RLIN) |
1729 |
| Relator term |
aut. |
| 942 ## - ADDED ENTRY ELEMENTS (KOHA) |
| Source of classification or shelving scheme |
|
| Koha item type |
Libros |